| 000 | 01068cam a22002531 4500 | ||
|---|---|---|---|
| 999 |
_c4811 _d4811 |
||
| 001 | 22665 | ||
| 003 | GBCCL | ||
| 005 | 20241126110527.0 | ||
| 008 | 790405s1908 xx 000 0 eng | ||
| 010 | _a 08033883 | ||
| 035 | _a(OCoLC)01245960 | ||
| 040 |
_aDLC _cDLC |
||
| 049 |
_aLBBK _v1-10 |
||
| 050 | 0 | 0 |
_aBV4241 _b.K6 |
| 082 |
_a252 _bWOR |
||
| 100 | 1 |
_aKleiser, Grenville, _d1868-1953, _ecomp. _98778 |
|
| 245 | 1 | 4 |
_aThe world's great sermons, _ccomp. by Grenville Kleiser ... with assistance from many of the foremost living preachers and other theologians; introduction by Lewis O. Brastow ... |
| 260 |
_aNew York and London, _bFunk & Wagnalls company _c[c1908] |
||
| 300 |
_a10 v. _c16 cm. |
||
| 505 | 0 | _av.1. Basil to Calvin -- v.2. Hooker to South -- v.3. Massillon to Mason -- v.4. L. Beecher to Bushnell -- v.5. Guthrie to Mozley -- v.6. H. W. Beecher to Punshon -- v.7. Hale to Farrar -- v.8. Talmage to Little -- v.9. Cuyler to Van Dyke -- v.10. Gore to Jowett. | |
| 520 | _aLloyd M. Perry Collection | ||
| 650 | 0 |
_aSermons. _96067 |
|
| 942 |
_2ddc _cBK |
||